Les films les plus vus au cinéma en 2022 - Statistiques

Statistiques générales
  • Ce quiz a été pris 219 fois
  • Le résultat moyen est 4 sur 15
Statistiques - réponses
Date de sortie Réponse % Correct
14 Décembre Avatar 2
67%
25 Mai Top Gun
51%
4 Mai Doctor Strange
39%
9 Novembre Black Panther
36%
4 Mars The Batman
36%
6 juillet Thor
35%
8 Juin Jurassic World
20%
6 Juillet Les Minions 2
18%
5 Octobre Novembre
17%
19 Octobre Black Adam
13%
8 avril Les Animaux Fantastiques
13%
16 Février Uncharted
12%
30 Mars Sonic 2
7%
21 Décembre 2021 Qu'est-ce qu'on a tous fait au Bon Dieu?
3%
12 Octobre Simone, le voyage du siècle
3%
Aucun quiz correspondant
Distribution des résultats
% des personnes avec chaque résultat
Percentile par nombre de réponses
Votre historique - résultats
Vous n’avez pas pris ce quiz